000 00554nam a2200193Ia 4500
001 14651
003 GE_BSU
008 181216s||||||||xx |||||||||||||| ||und||
040 _cGE_BSU
080 _a821.353.1-1
100 _aლეონიძე,გიორგი
245 _aრჩეული [ლექსები]
260 _aთბილისი
260 _bსაბჭოთა საქართველო
260 _c1958
300 _a397გვ.1ფ.პორტრ.21სმ.
653 _aლექსები
942 _cBK
999 _c47777
_d47777